सतगुरू रविदास जी की अमर कहानी (Record no. 1011062)

MARC details
000 -LEADER
fixed length control field 00942nam a2200253Ia 4500
003 - CONTROL NUMBER IDENTIFIER
control field OSt
005 - DATE AND TIME OF LATEST TRANSACTION
control field 20221005103835.0
008 - FIXED-LENGTH DATA ELEMENTS--GENERAL INFORMATION
fixed length control field 221004b |||||||| |||| 00| 0 hin d
020 ## - INTERNATIONAL STANDARD BOOK NUMBER
International Standard Book Number 8178540541
037 ## - SOURCE OF ACQUISITION
Terms of availability Textual
040 ## - CATALOGING SOURCE
Original cataloging agency CRL
Transcribing agency CRL
Language of cataloging hin
041 ## - LANGUAGE CODE
Source of code hin
Language code of text/sound track or separate title hin
100 ## - MAIN ENTRY--PERSONAL NAME
Personal name अहीर, सोहन सिंह
245 #0 - TITLE STATEMENT
Title सतगुरू रविदास जी की अमर कहानी
246 ## - VARYING FORM OF TITLE
Title proper/short title Satagurū ravidās jī kī amar kahānī
260 ## - PUBLICATION, DISTRIBUTION, ETC.
Place of publication, distribution, etc. दिल्ली
Name of publisher, distributor, etc. ईस्टर्न बुक लिंकर्स भारत
Date of publication, distribution, etc. 2004
300 ## - PHYSICAL DESCRIPTION
Extent 363पृ0
Dimensions cm.
942 ## - ADDED ENTRY ELEMENTS (KOHA)
Classification part Delta2y7H77, 152P4
Koha item type Textual
Source of classification or shelving scheme
Holdings
Withdrawn status Lost status Damaged status Not for loan Home library Current library Date acquired Source of acquisition Cost, normal purchase price Total Checkouts Full call number Barcode Date last seen Cost, replacement price Price effective from Koha item type
        Central Library Central Library 2022-10-05 580, 30/03/2005, Eastern Book Linkers 450.00   Delta2y7H77 152P4 CL1212112 2022-10-05 450.00 2022-10-05 Textual
Copyright @ Delhi University Library System